Hollow plastic parts : (Record no. 60610)
[ view plain ]
| 000 -LEADER | |
|---|---|
| fixed length control field | 01320cam a22003374a 4500 |
| 001 - CONTROL NUMBER | |
| control field | 13636028 |
| 003 - CONTROL NUMBER IDENTIFIER | |
| control field | NUST-PNEC |
| 005 - DATE AND TIME OF LATEST TRANSACTION | |
| control field | 20170116180703.0 |
| 008 - FIXED-LENGTH DATA ELEMENTS--GENERAL INFORMATION | |
| fixed length control field | 040625s2004 gw a b 001 0 eng |
| 010 ## - LIBRARY OF CONGRESS CONTROL NUMBER | |
| LC control number | 2004014799 |
| 020 ## - INTERNATIONAL STANDARD BOOK NUMBER | |
| International Standard Book Number | 1569903689 |
| 040 ## - CATALOGING SOURCE | |
| Original cataloging agency | DLC |
| Transcribing agency | PNEC |
| Modifying agency | DLC |
| 042 ## - AUTHENTICATION CODE | |
| Authentication code | pcc |
| 050 00 - LIBRARY OF CONGRESS CALL NUMBER | |
| Classification number | TP1120 |
| Item number | .B38 2004 |
| 082 00 - DEWEY DECIMAL CLASSIFICATION NUMBER | |
| Classification number | 668.412 BEA |
| 100 1# - MAIN ENTRY--PERSONAL NAME | |
| Personal name | Beall, Glenn L. |
| 245 10 - TITLE STATEMENT | |
| Title | Hollow plastic parts : |
| Remainder of title | design and manufacture / |
| Statement of responsibility, etc. | Glenn L. Beall, James L. Throne. |
| 250 ## - EDITION STATEMENT | |
| Edition statement | 1st ed. |
| 260 ## - PUBLICATION, DISTRIBUTION, ETC. | |
| Place of publication, distribution, etc. | Munich : |
| Name of publisher, distributor, etc. | Hanser ; |
| Place of publication, distribution, etc. | Cincinnati : |
| Name of publisher, distributor, etc. | Hanser Gardner Publications [distributor], |
| Date of publication, distribution, etc. | c2004. |
| 300 ## - PHYSICAL DESCRIPTION | |
| Extent | xii, 243 p. : |
| Other physical details | ill. ; |
| Dimensions | 25 cm. |
| 500 ## - GENERAL NOTE | |
| General note | http://www.amazon.com/Hollow-Plastic-Parts-Design-Manufacture/dp/1569903689/ref=sr_1_1?s=books&ie=UTF8&qid=1410507900&sr=1-1&keywords=1569903689 |
| 504 ## - BIBLIOGRAPHY, ETC. NOTE | |
| Bibliography, etc. note | Includes bibliographical references and index. |
| 650 #0 - SUBJECT ADDED ENTRY--TOPICAL TERM | |
| Topical term or geographic name entry element | Plastics. |
| 650 #0 - SUBJECT ADDED ENTRY--TOPICAL TERM | |
| Topical term or geographic name entry element | Plastics |
| General subdivision | Molding. - ME |
| 650 #0 - SUBJECT ADDED ENTRY--TOPICAL TERM | |
| Topical term or geographic name entry element | Engineering design. |
| 700 1# - ADDED ENTRY--PERSONAL NAME | |
| Personal name | Throne, James L., |
| Dates associated with a name | 1937- |
| 856 41 - ELECTRONIC LOCATION AND ACCESS | |
| Materials specified | Table of contents |
| Uniform Resource Identifier | <a href="http://www.loc.gov/catdir/toc/ecip0419/2004014799.html">http://www.loc.gov/catdir/toc/ecip0419/2004014799.html</a> |
| 906 ## - LOCAL DATA ELEMENT F, LDF (RLIN) | |
| a | 7 |
| b | cbc |
| c | orignew |
| d | 1 |
| e | ecip |
| f | 20 |
| g | y-gencatlg |
| 942 ## - ADDED ENTRY ELEMENTS (KOHA) | |
| Source of classification or shelving scheme | |
| Koha item type | Book |
| Withdrawn status | Lost status | Source of classification or shelving scheme | Damaged status | Not for loan | Permanent Location | Current Location | Shelving location | Date acquired | Source of acquisition | Cost, normal purchase price | Total Checkouts | Full call number | Barcode | Date last seen | Cost, replacement price | Price effective from | Koha item type |
|---|---|---|---|---|---|---|---|---|---|---|---|---|---|---|---|---|---|
| Pakistan Navy Engineering College (PNEC) | Pakistan Navy Engineering College (PNEC) | Reference | 07/18/2005 | Progressive International Agency | 8518.00 | 668.412 BEA | PNECLIB-027405 | 09/12/2014 | 8518.00 | 07/18/2005 | Book |
